[Event "IECG QM.2004.0.00070 email"]
[Site "IECG email"]
[Date "2004.04.08"]
[Round "?"]
[White "Peddie, Ian A"]
[Black "Anderskewitz, Ralf"]
[Result "1/2-1/2"]
[WhiteElo "2277"]
[BlackElo "2301"]
[PlyCount "49"]
[EventDate "2004.04.08"]
[EventType "tourn (corr)"]
[EventRounds "6"]
[SourceTitle "Corr 2008"]
[Source "ChessBase"]
[SourceDate "2008.06.24"]
[SourceVersion "1"]
[SourceVersionDate "2008.06.24"]
[SourceQuality "1"]

1. d4 Nf6 2. c4 e6 3. g3 d5 4. Bg2 Be7 5. Nf3 0-0 6. 0-0 Nbd7 7. Qc2 c6 8. b3 b6 9. Bb2 Bb7 10. Nc3 Qc7 11. Rad1 b5 12. c5 b4 13. Nb1 a5 14. Nbd2 Ba6 15. Rfe1 Bb5 16. e4 Nxe4 17. Nxe4 dxe4 18. Rxe4 a4 19. Bc1 Nf6 20. Ree1 Nd5 21. Bd2 Bf6 22. Ne5 Rfd8 23. f4 Ra7 24. Be4 g6 25. Bxd5 1/2-1/2

[Event "IECG CM.2001.0.00128"]
[Site "IECG email"]
[Date "2001.01.28"]
[Round "?"]
[White "Gutsche, Dieter"]
[Black "Peddie, Ian A"]
[Result "1/2-1/2"]
[WhiteElo "2398"]
[BlackElo "2315"]
[PlyCount "59"]
[EventDate "2001.01.28"]
[EventType "tourn (corr)"]
[EventRounds "6"]
[SourceTitle "Corr 2008"]
[Source "ChessBase"]
[SourceDate "2008.06.24"]
[SourceVersion "1"]
[SourceVersionDate "2008.06.24"]
[SourceQuality "1"]

1. e4 g6 2. d4 Bg7 3. Nc3 c6 4. f4 d5 5. e5 Nh6 6. Nf3 f6 7. Be2 Bg4 8. Be3 0-0 9. Qd2 Nf5 10. Bf2 Bh6 11. Nh4 Nxh4 12. Bxh4 Bxe2 13. Nxe2 Na6 14. 0-0 Qd7 15. Rae1 Qg4 16. Bg3 fxe5 17. dxe5 Nc5 18. Qb4 b6 19. Rf3 Qd7 20. Rd1 Ne4 21. Bf2 Rf7 22. c4 Raf8 23. cxd5 cxd5 24. Be3 e6 25. a3 Rc8 26. Nd4 Bf8 27. Qb3 Bc5 28. Rff1 Rff8 29. Qd3 Rc7 30. Rc1 1/2-1/2

[Event "IECC50-CAPA1 corr"]
[Site "IECC email"]
[Date "2001.??.??"]
[Round "1"]
[White "Benz, German Fabian"]
[Black "Peddie, Ian A"]
[Result "1-0"]
[WhiteElo "2500"]
[BlackElo "2465"]
[PlyCount "67"]
[EventDate "2001.??.??"]
[EventType "tourn (corr)"]
[EventRounds "2"]
[SourceTitle "Corr 2008"]
[Source "ChessBase"]
[SourceDate "2008.06.24"]
[SourceVersion "1"]
[SourceVersionDate "2008.06.24"]
[SourceQuality "1"]

1. e4 g6 2. d4 Bg7 3. Nc3 c6 4. Be3 d5 5. h3 dxe4 6. Nxe4 Nd7 7. Qd2 Ngf6 8. Nxf6+ Nxf6 9. 0-0-0 Be6 10. Kb1 Qd5 11. c4 Qd6 12. Nf3 b5 13. Bf4 Qd7 14. Ne5 Qb7 15. g4 Rc8 16. Qb4 c5 17. Qxb5+ Qxb5 18. cxb5 cxd4 19. b6 axb6 20. Bb5+ Bd7 21. Nxd7 Nxd7 22. Rc1 Rc5 23. b4 Rxc1+ 24. Rxc1 e5 25. Bh6 Bxh6 26. Rc8+ Ke7 27. Rxh8 Nf8 28. f3 f5 29. gxf5 gxf5 30. Rg8 Kf7 31. Bc4+ Ke7 32. Kc2 Kf6 33. a4 e4 34. a5 1-0

[Event "IECG CM.2000.0.00114"]
[Site "IECG email"]
[Date "2000.??.??"]
[Round "?"]
[White "Giurgiu, Tiberiu"]
[Black "Peddie, Ian A"]
[Result "1-0"]
[WhiteElo "2321"]
[BlackElo "2314"]
[PlyCount "67"]
[EventDate "2000.08.08"]
[EventType "tourn (corr)"]
[EventRounds "6"]
[SourceTitle "Corr 2008"]
[Source "ChessBase"]
[SourceDate "2008.06.24"]
[SourceVersion "1"]
[SourceVersionDate "2008.06.24"]
[SourceQuality "1"]

1. e4 c5 2. Nf3 Nc6 3. d4 cxd4 4. Nxd4 Nf6 5. Nc3 d6 6. Bg5 e6 7. Qd2 a6 8. 0-0-0 h6 9. Be3 Be7 10. f4 Qc7 11. Be2 Bd7 12. g4 b5 13. g5 hxg5 14. fxg5 Nh5 15. Nxc6 Bxc6 16. Qd4 Rb8 17. Bxh5 Rxh5 18. Qxg7 b4 19. Nd5 exd5 20. Qg8+ Kd7 21. Qxf7 Rbh8 22. exd5 Bb7 23. Qf5+ Kd8 24. h4 Qa5 25. Kb1 Qb5 26. Qe4 a5 27. Bf2 R8h7 28. Rhe1 a4 29. Qe6 Kc7 30. Qg8 Bd8 31. Re8 Qc4 32. Qf8 Rd7 33. b3 Qb5 34. Rxd8 1-0

[Event "IECC CL0-1999.03"]
[Site "IECC email"]
[Date "1999.04.25"]
[Round "?"]
[White "Novak, Joze"]
[Black "Peddie, Ian A"]
[Result "0-1"]
[WhiteElo "2309"]
[BlackElo "2462"]
[PlyCount "66"]
[EventDate "1999.??.??"]
[EventType "tourn (corr)"]
[EventRounds "4"]
[SourceTitle "Corr 2015"]
[Source "ChessBase"]
[SourceDate "2015.07.17"]
[SourceVersion "1"]
[SourceVersionDate "2015.07.17"]
[SourceQuality "1"]

1. d4 d5 2. c4 dxc4 3. Nf3 Nf6 4. Nc3 c5 5. d5 e6 6. e4 exd5 7. exd5 Bd6 8. Qe2+ Be7 9. Bg5 0-0 10. 0-0-0 h6 11. Be3 a6 12. d6 Bxd6 13. Bxc5 Bxc5 14. Rxd8 Rxd8 15. Ne4 Be7 16. Nxf6+ Bxf6 17. Qe4 c3 18. bxc3 Be6 19. Kb2 Nc6 20. Bd3 Rac8 21. Rd1 g6 22. Be2 Re8 23. Bd3 Bf5 24. Qf4 Bxc3+ 25. Ka3 Rcd8 26. Qc4 Bb4+ 27. Kb2 Be6 28. Qf4 Bf8 29. Bc2 Nb4 30. Rxd8 Rxd8 31. Bb1 Rc8 32. Qe3 Rc5 33. Nd4 Bg7 0-1

[Event "IECC CL0-1999.03"]
[Site "IECC email"]
[Date "1999.04.25"]
[Round "?"]
[White "Peddie, Ian A"]
[Black "Bergmann, Michael"]
[Result "1/2-1/2"]
[WhiteElo "2461"]
[BlackElo "2428"]
[PlyCount "39"]
[EventDate "1999.??.??"]
[EventType "tourn (corr)"]
[EventRounds "4"]
[SourceTitle "Corr 2015"]
[Source "ChessBase"]
[SourceDate "2015.07.17"]
[SourceVersion "1"]
[SourceVersionDate "2015.07.17"]
[SourceQuality "1"]

1. d4 Nf6 2. c4 c5 3. d5 b5 4. Nf3 a6 5. Qc2 g6 6. e4 Bg7 7. cxb5 0-0 8. Nc3 Bb7 9. Bg5 d6 10. a4 Qc8 11. Bc4 axb5 12. Nxb5 h6 13. Bh4 Qg4 14. Bxf6 Bxf6 15. h3 Qd7 16. 0-0 Na6 17. a5 Nb4 18. Qd2 Kh7 19. Nbd4 Bg7 20. Ra3 1/2-1/2

[Event "IECC P email"]
[Site "IECC email"]
[Date "1998.07.12"]
[Round "?"]
[White "Peddie, Ian A"]
[Black "Henkes, Houston"]
[Result "1/2-1/2"]
[WhiteElo "2466"]
[BlackElo "1717"]
[PlyCount "89"]
[EventDate "1998.??.??"]
[EventType "tourn (corr)"]
[EventRounds "6"]
[SourceTitle "Corr 2008"]
[Source "ChessBase"]
[SourceDate "2008.06.24"]
[SourceVersion "1"]
[SourceVersionDate "2008.06.24"]
[SourceQuality "1"]

1. d4 Nf6 2. c4 g6 3. Nc3 Bg7 4. e4 d6 5. f4 0-0 6. Nf3 c5 7. d5 e6 8. Be2 exd5 9. cxd5 Bg4 10. 0-0 Nbd7 11. Re1 Qe7 12. h3 Bxf3 13. Bxf3 Rab8 14. a4 Ne8 15. Be3 a6 16. Qd3 Qh4 17. Kh2 Nc7 18. g3 Qd8 19. Bg2 b6 20. Re2 b5 21. axb5 axb5 22. Ra7 b4 23. Nd1 Ra8 24. Rxa8 Qxa8 25. Nf2 Qa5 26. Qc2 Re8 27. Nd3 Nf6 28. Bf2 Qa6 29. e5 Nd7 30. Rd2 Rc8 31. exd6 Ne8 32. b3 Nxd6 33. Qb1 Bc3 34. Rd1 c4 35. Nc1 Nf6 36. bxc4 Nxc4 37. Nb3 Qa4 38. Rc1 Qa6 39. Qd3 Qa2 40. Qc2 Qxc2 41. Rxc2 Re8 42. Bd4 Bxd4 43. Rxc4 Bc3 44. d6 Rd8 45. Rc6 1/2-1/2

[Event "IECC P email"]
[Site "IECC email"]
[Date "1998.03.31"]
[Round "?"]
[White "Peddie, Ian A"]
[Black "Malmstroem, Jan"]
[Result "1-0"]
[WhiteElo "2470"]
[BlackElo "2206"]
[PlyCount "75"]
[EventDate "1998.??.??"]
[EventType "tourn (corr)"]
[EventRounds "6"]
[SourceTitle "Corr 2008"]
[Source "ChessBase"]
[SourceDate "2008.06.24"]
[SourceVersion "1"]
[SourceVersionDate "2008.06.24"]
[SourceQuality "1"]

1. d4 Nf6 2. c4 e6 3. Nc3 Bb4 4. Qc2 d5 5. a3 Be7 6. Bg5 Nbd7 7. e3 0-0 8. cxd5 exd5 9. Bd3 h6 10. Bf4 c6 11. Nge2 Re8 12. 0-0 Nf8 13. b4 a6 14. h3 b6 15. Na4 Bd7 16. Ng3 a5 17. Rfb1 axb4 18. axb4 Ne6 19. Be5 g6 20. Bxg6 fxg6 21. Qxg6+ Ng7 22. b5 Rf8 23. bxc6 Be8 24. Qxh6 Bxc6 25. Nc3 Rxa1 26. Rxa1 Qd7 27. Nce2 Bd8 28. Nf4 Rf7 29. Rb1 b5 30. Rb3 Nf5 31. Qg6+ Ng7 32. Rb1 Kf8 33. Rc1 Bb7 34. Nd3 Qe6 35. Nc5 Qc6 36. Ne2 Qb6 37. Nf4 Ba8 38. g4 1-0

[Event "IECC P email"]
[Site "IECC email"]
[Date "1998.01.25"]
[Round "?"]
[White "Karabiyik, Ozgur"]
[Black "Peddie, Ian A"]
[Result "1/2-1/2"]
[WhiteElo "2014"]
[BlackElo "2473"]
[PlyCount "105"]
[EventDate "1998.??.??"]
[EventType "tourn (corr)"]
[EventRounds "6"]
[SourceTitle "Corr 2008"]
[Source "ChessBase"]
[SourceDate "2008.06.24"]
[SourceVersion "1"]
[SourceVersionDate "2008.06.24"]
[SourceQuality "1"]

1. e4 e6 2. d4 d5 3. Nc3 Bb4 4. e5 c5 5. a3 Ba5 6. b4 cxd4 7. Qg4 g6 8. Nb5 Bc7 9. Bg5 Qd7 10. Nf3 Nc6 11. Qg3 a5 12. bxa5 Nge7 13. Nxc7+ Qxc7 14. Bd3 Qxa5+ 15. Ke2 Nf5 16. Bxf5 exf5 17. Bf6 Qb5+ 18. Kd2 Rf8 19. Rhb1 Qc4 20. Ne1 b5 21. Nd3 Qc3+ 22. Kd1 Ra5 23. Ra2 Rxa3 24. Rxa3 Qxa3 25. Rxb5 Qa1+ 26. Kd2 Qc3+ 27. Kd1 Be6 28. f4 Qa1+ 29. Kd2 Qa4 30. Rb2 Qa5+ 31. Kc1 Kd7 32. Rb3 Ra8 33. Kd1 Qa1+ 34. Nc1 Qa6 35. Qd3 Qc4 36. Rb1 Ra4 37. Bh4 Kc7 38. Be1 Ra8 39. Bf2 h6 40. Ne2 Qxd3+ 41. cxd3 Ra3 42. Kc2 Ra2+ 43. Kd1 Bc8 44. Rc1 Kd7 45. Rc2 Ra1+ 46. Kd2 Ba6 47. Bxd4 Ra3 48. Rc3 Ra2+ 49. Rc2 Rxc2+ 50. Kxc2 Nb4+ 51. Kd2 Nxd3 52. g3 Kc6 53. Be3 1/2-1/2

[Event "IECG WC.1999.S.00001 email"]
[Site "IECG email"]
[Date "1998.??.??"]
[Round "?"]
[White "Peddie, Ian A"]
[Black "Smith, Douglas Royston"]
[Result "1-0"]
[WhiteElo "2320"]
[BlackElo "1994"]
[PlyCount "59"]
[EventDate "1998.06.10"]
[EventType "tourn (corr)"]
[EventRounds "8"]
[SourceTitle "Corr 2008"]
[Source "ChessBase"]
[SourceDate "2008.06.24"]
[SourceVersion "1"]
[SourceVersionDate "2008.06.24"]
[SourceQuality "1"]

1. d4 c5 2. dxc5 Qa5+ 3. Nc3 e6 4. Nf3 Bxc5 5. e4 Nf6 6. Bd3 Nc6 7. 0-0 d6 8. a3 h6 9. Rb1 Qd8 10. Na4 Bd4 11. Bb5 Bb6 12. e5 Ne4 13. exd6 Nxd6 14. Bxc6+ bxc6 15. Nxb6 axb6 16. Bf4 Nc4 17. Qxd8+ Kxd8 18. Rfd1+ Ke8 19. Bc7 Bb7 20. Nd2 Kd7 21. Bf4 Nxd2 22. Rxd2+ Ke7 23. Bc7 b5 24. Rbd1 Kf6 25. Bb6 Ra6 26. Bd8+ Kg6 27. Rd7 Ba8 28. R1d3 Rg8 29. Be7 f6 30. Rg3+ 1-0